<?xml version="1.0" encoding="UTF-8"?>
<marc:record xmlns:marc="http://www.loc.gov/MARC21/slim">
   <marc:leader>00000nam a2200000 a 4500</marc:leader>
   <marc:datafield ind1="1" ind2=" " tag="100">
      <marc:subfield code="a">Camilleri, Andrea</marc:subfield>
      <marc:subfield code="4">aut</marc:subfield>
      <marc:subfield code="e">Verfasser/-in</marc:subfield>
   </marc:datafield>
   <marc:datafield ind1="0" ind2="0" tag="245">
      <marc:subfield code="a">Das Spiel des Patriarchen</marc:subfield>
   </marc:datafield>
   <marc:datafield ind1="0" ind2="0" tag="245">
      <marc:subfield code="b">ein Sizilien-Krimi</marc:subfield>
   </marc:datafield>
   <marc:datafield ind1="0" ind2="0" tag="245">
      <marc:subfield code="c">Andrea Camilleri ; aus dem Italienischen von Christiane von Bechtolsheim</marc:subfield>
   </marc:datafield>
   <marc:datafield ind1=" " ind2="1" tag="264">
      <marc:subfield code="a">Köln</marc:subfield>
      <marc:subfield code="b">Lübbe</marc:subfield>
      <marc:subfield code="c">2022</marc:subfield>
   </marc:datafield>
   <marc:datafield ind1="1" ind2=" " tag="490">
      <marc:subfield code="a">Commissario Montalbano</marc:subfield>
   </marc:datafield>
   <marc:datafield ind1="1" ind2=" " tag="520">
      <marc:subfield code="a">Modernen Medien misstraut Commissario Montalbano nach wie vor. Und fühlt sich an manchen Tagen wie ein Auslaufmodell. Da erhält er Nachricht von dem mysteriösen Mord an einem jungen Mann. Zeitgleich wird das spurlose Verschwinden eines betagten Ehepaars gemeldet, das zu einem Tagesausflug unterwegs war. Purer Zufall, dass das Pärchen im selben Haus wie der Tote wohnt? Oder gibt es eine Verbindung zwischen dem Junggesellen und dem verschrobenen Pärchen? Während seine Mitarbeiter nach neuen Methoden ermitteln, findet Montalbano bei einem uralten sarazenischen Olivenbaum den entscheidenden Hinweis ...</marc:subfield>
   </marc:datafield>
   <marc:datafield ind1=" " ind2=" " tag="020">
      <marc:subfield code="a">9783404185870</marc:subfield>
      <marc:subfield code="9">9783404185870</marc:subfield>
   </marc:datafield>
   <marc:datafield ind1=" " ind2=" " tag="020">
      <marc:subfield code="a">3404185870</marc:subfield>
      <marc:subfield code="9">3404185870</marc:subfield>
   </marc:datafield>
   <marc:datafield ind1=" " ind2=" " tag="300">
      <marc:subfield code="a">314 Seiten</marc:subfield>
   </marc:datafield>
</marc:record>
